=LDR 00000nam 2200000 4500 =001 INLIS000000000056559 =005 20200914080556 =035 ##$$a 0010-0920000190 =007 ta =008 200914###########################0#eng## =082 ##$$a 413 =084 ##$$a 413-Ren d =245 1#$$a Dutch-English and English-Dutch Dictionaty /$c Fernansd G. Renier =300 ##$$a 571 Halaman ; $c 21 Cm. =650 #4$$a Kamus Banyak Bahasa =264 ##$$a London :$b Routledge & Kegan Paul LTD,$c 1961 =336 ##$$a teks$2 rdacontent =337 ##$$a lain-lain$2 rdamedia =338 ##$$a lain-lain$2 rdacarrier =990 ##$$a 33093309